00465cam a2200169ua 45000010005000000080039000050400009000440820011000531000034000642450061000982500009001592600038001683000017002066530013002236530022002366530037002582585110827n ii |||gr||||Z||||||asm cMAIN a491.45 aSharma, Naranarayan,eAuthor.11aAsamiya bhasar atiguri aru bikaxcby Naranarayan Sharma  a1st. aNalbari:bRatna Prakashan,c2006. a104p:c23cm. aLanguage aAssamese language aAsamiya bhasar atiguri aru bikax